Atlas de técnicas quirúrgicas en bovinos / Rafael Ordoñez M.; colaboración Consuelo Velázquez C.; ilustraciones Hector Ortíz M. y Pedro Otero V.; redacción Lorenzo R. Avila F.; mecanografía Gloria L. Romero M. (Record no. 216931)
[ view plain ]
| 000 -CABECERA | |
|---|---|
| campo de control de longitud fija | 00987nam a2200241Ia 4500 |
| 001 - NÚMERO DE CONTROL | |
| campo de control | Z_4302 |
| 008 - DATOS DE LONGITUD FIJA--INFORMACIÓN GENERAL | |
| campo de control de longitud fija | 220601s9999 xx 000 0 und d |
| 082 ## - NÚMERO DE LA CLASIFICACIÓN DECIMAL DEWEY | |
| Número de clasificación | C 636.20897 O73 |
| 100 ## - ENTRADA PRINCIPAL--NOMBRE DE PERSONA | |
| Nombre de persona | Ordoñez Medina, Rafael |
| 9 (RLIN) | 136027 |
| 245 ## - MENCIÓN DE TÍTULO | |
| Título | Atlas de técnicas quirúrgicas en bovinos / Rafael Ordoñez M.; colaboración Consuelo Velázquez C.; ilustraciones Hector Ortíz M. y Pedro Otero V.; redacción Lorenzo R. Avila F.; mecanografía Gloria L. Romero M. |
| 260 ## - PUBLICACIÓN, DISTRIBUCIÓN, ETC. | |
| Lugar de publicación, distribución, etc. | México : R. Ordoñez M. |
| 300 ## - DESCRIPCIÓN FÍSICA | |
| Extensión | 147 p. |
| 503 ## - NOTA DE HISTORIA BIBLIOGRÁFICA (BK CF MU) [OBSOLETO] | |
| Nota de historia bibliográfica | ej.1: s/n |
| 650 ## - PUNTO DE ACCESO ADICIONAL DE MATERIA--TÉRMINO DE MATERIA | |
| Término de materia o nombre geográfico como elemento de entrada | 1. Ganado bovino |
| 650 ## - PUNTO DE ACCESO ADICIONAL DE MATERIA--TÉRMINO DE MATERIA | |
| Término de materia o nombre geográfico como elemento de entrada | Bovinos -- Cirugia |
| 650 ## - PUNTO DE ACCESO ADICIONAL DE MATERIA--TÉRMINO DE MATERIA | |
| Término de materia o nombre geográfico como elemento de entrada | Cirugía veterinaria |
| 9 (RLIN) | 23436 |
| 700 ## - PUNTO DE ACCESO ADICIONAL--NOMBRE DE PERSONA | |
| Nombre de persona | Velázquez C., Consuelo, colab. \ Ortíz M., Hector, il. \ Otero V., Pedro, il. \ Avila F. Lorenzo R., redacción \ Romero M., Gloria L., mecanografíaÌ |
| 9 (RLIN) | 181225 |
| 901 ## - ELEMENTOS DE DATOS A LOCAL LDA (RLIN) | |
| a | C 636.20897 O73 |
| 902 ## - ELEMENTOS DE DATOS B LOCAL, LDB (RLIN) | |
| a | M |
| 905 ## - ELEMENTOS DE DATOS E LOCAL, LDE (RLIN) | |
| a | 3232271985 mx a 8281113311spa16 |
| 942 ## - ELEMENTOS DE PUNTO DE ACCESO ADICIONAL (KOHA) | |
| Tipo de ítem Koha | Libro_ |
| Estado de retiro | Estado de pérdida | Fuente del sistema de clasificación o colocación | Estado dañado | Restricciones de uso | No para préstamo | Código de colección | Localización permanente | Ubicación/localización actual | Fecha de adquisición | Total de préstamos | Signatura topográfica completa | Código de barras | Fecha visto por última vez | Número de copia | Precio válido a partir de | Tipo de ítem Koha |
|---|---|---|---|---|---|---|---|---|---|---|---|---|---|---|---|---|
| Dewey Decimal Classification | Préstamo interno | Consulta | Zootecnia | Zootecnia | 09/11/2005 | C 636.20897 O73 | z_0113 | 02/06/2022 | 1 | 02/06/2022 | Libro |
